000 00351nam a22001337a 4500
008 160218b xxu||||| |||| 00| 0 eng d
041 _aeng
100 _aTest Author
110 _aEngineering Contractors Association
245 _aThis is a test record
610 0 _91364
_aBuilding Advisory Service
651 _aUnited Kingdom
942 _n0
999 _c121250
_d121250